Bones of the Human Body - Statistics

General Stats
  • This quiz has been taken 103 times
  • The average score is 26 of 60
Answer Stats
# in body Answer % Correct
2 Tibia
88%
2 Fibula
82%
2 Ulna
82%
2 Femur
79%
2x12 Ribs
79%
2 Radius
77%
2 Clavacle
75%
2 Patella
71%
2 Humerus
68%
1 Mandible
66%
5x2 Metacarpal Bones (Fingers)
64%
5x2 Metacarpal Bones (Toes)
64%
5x2 Distal Phalanges (Fingers)
59%
5x2 Distal Phalanges (Toes)
59%
4x2 Intermediate Phalanges (Fingers)
59%
4x2 Intermediate Phalanges (Toes)
59%
5x2 Proximal Phalanges (Toes)
59%
1 Coccyx
56%
5x2 Metatarsal Bone
56%
2 Maxilla
55%
1 Frontal Bone
53%
1 Occipital Bone
49%
2 Parietal Bone
48%
1 Sacrum
48%
2 Temporal Bone
47%
2 Zygomatic Bone
45%
7 Cervical Vertebrae
44%
5 Lumbar Vertebrae
44%
12 Thoracic Vertebrae
41%
2 Carpals
40%
2 Nasal Bone
40%
2 Calcaneus
38%
2 Talus
36%
1 Ethmoid Bone
34%
2 Scaphoid Bone
33%
1 Vomer
32%
2 Hamate Bone
30%
1 Hyoid Bone
30%
2 Intermediate Cuneiform Bone
30%
2 Lateral Cuneiform Bone
30%
2 Malleus
30%
2 Medial Cuneiform Bone
30%
2 Trapezium
30%
2 Cuboid Bone
29%
2 Trapezoid Bone
29%
2 Navicular Bone
27%
2 Palatine Bone
27%
2 Hip Bone
26%
2 Incus
26%
2 Lacrimal Bone
26%
2 Lunate Bone
26%
2 Stapes
25%
2 Inferior Nasal Conchae
23%
2 Pisiform Bone
23%
1 Manubrium
15%
2 Triquetral Bone
15%
1 Xiphoid Process
10%
1 Gladiolus
4%
5x2 Proximal Phalanges (Fingers)
3%
2 Capitate Bone
1%
No matching quizzes found
Score Distribution
Percent of People with Each Score
Percentile by Number Answered
Your Score History
You have not taken this quiz